Marvel Comics - Statystyki

Ogólne statystyki
  • Ten quiz został rozwiązany 267 razy
  • Średni wynik to 94 z 200
Statystyki odpowiedzi
Obrazkowy Odpowiedź % Poprawnych
Iron Man
98%
Loki
94%
Captain America
88%
Hulk
84%
Kang the Conqueror
82%
Red Skull
80%
Rocket Raccoon
80%
Vision
80%
Mister Fantastic
79%
Nick Fury Jr.
79%
Doctor Doom
78%
Hawkeye
78%
Black Widow
77%
Groot
77%
She-Hulk
76%
Daredevil
75%
Human Torch
75%
Shang-Chi
74%
The Punisher
74%
The Thing
74%
Winter Soldier
74%
Cosmo the Spacedog
73%
Venom
73%
Ms. Marvel
72%
Namor
72%
The Human Torch
72%
Beast
71%
Cyclops
70%
Invisible Woman
70%
Thunderstrike
70%
War Machine
70%
Mighty Thor
69%
M.O.D.O.K.
69%
Black Cat
68%
Electro
67%
Gambit
66%
Iron Fist
66%
Luke Cage
66%
Morbius the Living Vampire
66%
Wolverine
65%
Moon Knight
64%
Quicksilver
64%
The Sentry
64%
Black Panther
63%
Deadpool
63%
Ghost Rider
63%
Magneto
63%
Elektra
62%
Carnage
61%
Colossus
61%
Ironheart
61%
Kingpin
61%
Mystique
61%
Professor X
61%
Scarlet Witch
61%
Spider-Man
61%
Thanos
61%
Howard the Duck
60%
Mysterio
60%
Nick Fury Sr.
60%
Sandman
60%
Stan "The Man" Lee
59%
Gamora
58%
Nova
58%
Odin Borson
58%
Taskmaster
58%
Hawkeye
57%
Nebula
57%
Black Bolt
56%
Heimdall
56%
Silver Surfer
56%
Wasp
56%
Angel
55%
Ego the Living Planet
55%
Lizard
55%
Red Hulk
55%
Star-Lord
55%
Thor Odinson
55%
Galactus
54%
Gwenpool
53%
Kraven the Hunter
53%
Man-Thing
53%
Red Guardian
53%
Storm
53%
White Tiger
53%
Doc Ock
52%
Doctor Strange
52%
Ms. Marvel
52%
Spider-Ham
52%
Spider-Woman
52%
Jean Grey
51%
Ms. America
51%
Nightcrawler
51%
Squirrel Girl
51%
Bullseye
50%
Hank Pym
50%
Mephisto
50%
Okoye
50%
Rescue
50%
Rhino
49%
Super-Skrull
49%
Gorr the God Butcher
48%
Uatu the Watcher
48%
Domino
47%
Spider-Man 2099
47%
Spider-Man Noir
47%
The Spot
47%
Wonder Man
47%
Mantis
46%
Blob
45%
Emma Frost
45%
Madame Web
45%
Throg
45%
Cable
44%
Captain Britain
43%
Dormammu
43%
Rogue
43%
Ghost
42%
Iceman
42%
Prowler
42%
Scarlet Spider
42%
Ultron
42%
Arnim Zola
41%
Crossbones
41%
Medusa
41%
Adam Warlock
40%
Drax the Destroyer
40%
Mister Negative
40%
Baron Zemo
39%
Ronan the Accuser
39%
Scorpion
39%
Silver Samurai
38%
Agent Anti-Venom
36%
Agent Coulson
36%
Magik
36%
Photon
36%
Silver Sable
36%
Speed
36%
Mandarin
35%
Yondu Udonta
35%
Captain Marvel
34%
Knull
34%
Psylocke
34%
8-Ball
32%
Apocalypse
32%
Beta Ray Bill
32%
Destroyer
31%
Firestar
31%
Wiccan
31%
Hyperion
30%
Lady Octopus
30%
Tombstone
30%
Sabertooth
29%
Devil Dinosaur
28%
Ebony Maw
28%
Moon Girl
28%
Gold Goblin
27%
Hit-Monkey
27%
Annihilus
26%
Beetle
26%
Lockjaw
26%
Swordsman
26%
White Wolf
26%
Baron Mordo
24%
Ikaris
24%
Mister Sinister
24%
Omega Red
24%
Captain Universe
23%
Chewie
23%
Clea
23%
Fin Fang Foom
23%
High Evolutionary
22%
Agent 13
21%
Hulkling
21%
Sauron
21%
Attuma
20%
Brother Voodoo
20%
Nightmare
20%
Whizzer
20%
Darkhawk
19%
Mister Immortal
19%
Quasar
19%
Machine Man
17%
Misty Knight
17%
Whirlwind
16%
Hazmat
15%
Pyro
15%
Phantom Rider
14%
Jack of Hearts
13%
Nighthawk
13%
Speedball
13%
Count Nefaria
12%
Starbrand
12%
Impossible Man
11%
Blazing Skull
10%
Fantomex
10%
Forbush Man
10%
Lady Bullseye
10%
Butterball
9%
Nico Minoru
8%
Nie znaleziono quizów pasujących do podanych kryteriów
Rozkład punktacji
Procent ludzi z każdym wynikiem
Percentyl według liczby udzielonych odpowiedzi
Twoja historia wyników
Nie rozwiązałeś tego quizu